Les adversaires préférés de Lionel Messi en Ligue des Champions - Statistiques

Statistiques générales
  • Ce quiz a été pris 55 fois
  • Le résultat moyen est 8 sur 9
Statistiques - réponses
Nombre de buts Championnat Clubs % Correct
7 buts Premier League Manchester City
96%
8 buts Serie A AC Milan
94%
5 buts Ligue 1 Lyon
94%
6 buts Ligue 1 Paris Saint-Germain
94%
9 buts Premier League Arsenal
92%
6 buts Eredivisie Ajax Amsterdam
90%
8 buts Scottish Premiership Celtic FC
90%
4 buts Eredivisie PSV Eindhoven
83%
7 buts Bundesliga Bayer Leverkusen
77%
Aucun quiz correspondant
Distribution des résultats
% des personnes avec chaque résultat
Percentile par nombre de réponses
Votre historique - résultats
Vous n’avez pas pris ce quiz